|
|
|
|
| LEADER |
00000ny a22000003n 4500 |
| 005 |
20110512110835.0 |
| 006 |
s r p s | a0 |
| 007 |
cr cnu---m|a|a |
| 008 |
930405c19929999maufr1p gj 0 a0eng c |
| 010 |
|
|
|a 96660604
|a sn 93019638
|
| 022 |
0 |
|
|a 1072-8546
|
| 035 |
|
|
|a 3192
|
| 040 |
|
|
|a WaSeSS
|d vLex
|
| 082 |
1 |
|
|a 340
|2 11
|
| 090 |
|
|
|c 1744
|d 1744
|
| 245 |
0 |
0 |
|a Suffolk transnational law review
|h [Recurso electrn̤ico]
|
| 246 |
3 |
8 |
|a Suffolk transnational law journal
|
| 256 |
|
|
|a Servicio en ln̕ea
|
| 260 |
|
|
|a Boston, Ma. :
|b Suffolk University Law School
|
| 310 |
|
|
|a Semestral
|
| 506 |
1 |
|
|a Contenido solo disponible en los productos indicados
|d vLex Global
|d vLex Global (Academic Edition, excluding Law Schools)
|d vLex Global (Academic Edition, Law Schools)
|
| 650 |
0 |
4 |
|a Derecho internacional
|x Publicaciones perid̤icas
|
| 650 |
0 |
4 |
|a Law
|
| 740 |
0 |
|
|a vLex Revista (Servicios en ln̕ea)
|
| 843 |
|
|
|a Electrn̤ica. Abierta
|
| 853 |
|
|
|8 1
|i (year)
|j (month)
|k (day)
|
| 856 |
4 |
0 |
|u http://vlex.com/source/3192
|z Acceso restringido
|
| 942 |
|
|
|c REV
|
| 999 |
|
0 |
|a International law
|v Periodicals.
|
| 999 |
|
0 |
|a Law reviews
|z Massachusetts.
|